KPOP de A-Z - Statistiques

Statistiques générales
  • Ce quiz a été pris 4 843 fois
  • Le résultat moyen est 14 sur 23
Statistiques - réponses
Réponse % Correct
B BTS/Blackpink/Big Bang/Billlie/BTOB/BAP/Block B/Brave girls
99%
A Ateez/Aespa/After School/AOA/Astro/Apink/April
96%
S S.E.S./Saturday/Secret/Seventeen/SF9/Shinee/Shinhwa/Sistar/STAYC/Stellar/Stray Kids/Sugar/Super Junior/SuperM
93%
T Treasure/Triple S/Trouble Maker/TVXQ/Twice/TXT/T-ara/Teen Top/TO1/The rose/TRI_BE
90%
E Enhypen/Everglow/EvoL/EXID,/Exo
87%
G GFriend/Ghost9/Gidle/Girl's Day/Girls' Generation/Golden Child/Good Day/Got7
84%
I I.O.I/IKon/Infinite/Itzy/Ive/Iz*One
83%
M Mirae/Miss A/Momoland/Monsta X/Mamamoo/MCND
83%
N NCT/ NewJeans/Nine Muses/Nmixx/Noir/NU'EST
81%
L Le Sserafim/Lightsum/LOONA/Lovelyz/Ladies code
71%
P Pentagon/Pristin/P1harmony/purple kiss
64%
R Rainbow/Rania/Red Velvet/Rocket Punch
60%
D Day6/Dreamcatcher
56%
O Oh My Girl/Omega X/Oneus/Onewe/ONF
53%
F Fiestar/Fin.K.L/Fromis 9/F.T. Island/ F(x)
52%
K Kara/Kard/Kep1er
52%
C Classy/Cherry Bullet/CIX/CLC
48%
V VIXX/Victon/VIVIZ
46%
H H.O.T./Halo/Hello Venus/High4/Highlight
28%
X Xdinary heroes
28%
W Wanna one
25%
U U-Kiss/Ulala Session/Uni.T/UNIQ/Up10tion
23%
J Just B
18%
Aucun quiz correspondant
Distribution des résultats
% des personnes avec chaque résultat
Percentile par nombre de réponses
Votre historique - résultats
Vous n’avez pas pris ce quiz